[Event "PPA"]
[Site "?"]
[Date "2014.06.20"]
[Round "1.1"]
[White "Czyz, Artur"]
[Black "Gabuza, Anatolii"]
[Result "1/2-1/2"]
[LiveChessVersion "1.4.2"]
[BlackElo "1616"]
[WhiteElo "1992"]

1. e4 {[%clk 1:00:46]} c5 {[%clk 1:00:55]} 2. Nf3 {[%clk 1:00:42]} Nc6
{[%clk 1:01:18]} 3. g3 {[%clk 0:57:22]} d6 {[%clk 0:59:04]} 4. Bg2
{[%clk 0:57:36]} Nf6 {[%clk 0:57:48]} 5. d3 {[%clk 0:57:34]} Bg4 {[%clk 0:54:54]}
6. h3 {[%clk 0:54:47]} Bh5 {[%clk 0:53:02]} 7. Be3 {[%clk 0:54:13]} e6
{[%clk 0:50:17]} 8. Nbd2 {[%clk 0:53:37]} Be7 {[%clk 0:48:56]} 9. Nf1
{[%clk 0:51:35]} d5 {[%clk 0:39:26]} 10. g4 {[%clk 0:50:48]} Bg6 {[%clk 0:40:01]}
11. e5 {[%clk 0:50:38]} Nd7 {[%clk 0:40:09]} 12. Bf4 {[%clk 0:49:56]} Qb6
{[%clk 0:37:54]} 13. Ng3 {[%clk 0:37:14]} Qxb2 {[%clk 0:23:46]} 14. O-O
{[%clk 0:36:41]} Qb4 {[%clk 0:18:47]} 15. Ne2 {[%clk 0:34:05]} Rb8
{[%clk 0:15:46]} 16. Bg3 {[%clk 0:31:41]} h6 {[%clk 0:14:59]} 17. Nf4
{[%clk 0:30:09]} Bh7 {[%clk 0:10:46]} 18. Re1 {[%clk 0:27:47]} O-O
{[%clk 0:06:47]} 19. Nh5 {[%clk 0:23:06]} Nb6 {[%clk 0:04:26]} 20. Qc1
{[%clk 0:20:58]} Nd4 {[%clk 0:03:40]} 21. Rb1 {[%clk 0:16:54]} Qa4
{[%clk 0:03:29]} 22. Nxd4 {[%clk 0:16:11]} cxd4 {[%clk 0:03:17]} 23. h4
{[%clk 0:09:41]} Rbc8 {[%clk 0:03:08]} 24. g5 {[%clk 0:09:58]} hxg5
{[%clk 0:02:37]} 25. hxg5 {[%clk 0:10:03]} Qxc2 {[%clk 0:01:53]} 26. Qf4
{[%clk 0:10:05]} Qxd3 {[%clk 0:02:15]} 1/2-1/2

[Event "PPA"]
[Site "?"]
[Date "2014.06.20"]
[Round "1.2"]
[White "Kraszewski, Jan"]
[Black "Ostrowska, Dominika"]
[Result "0-1"]
[LiveChessVersion "1.4.2"]
[BlackElo "1980"]
[WhiteElo "1583"]

1. e4 {[%clk 1:00:57]} c5 {[%clk 1:00:57]} 2. c3 {[%clk 1:01:23]} d6
{[%clk 0:59:15]} 3. d4 {[%clk 1:01:45]} Nf6 {[%clk 1:00:11]} 4. Bd3
{[%clk 0:58:53]} cxd4 {[%clk 0:53:57]} 5. cxd4 {[%clk 0:58:29]} Nc6
{[%clk 0:53:58]} 6. Ne2 {[%clk 0:55:41]} g6 {[%clk 0:53:02]} 7. Bd2
{[%clk 0:42:14]} Bg7 {[%clk 0:52:35]} 8. Bc3 {[%clk 0:42:42]} O-O
{[%clk 0:50:34]} 9. O-O {[%clk 0:42:56]} a6 {[%clk 0:46:18]} 10. a4
{[%clk 0:36:26]} Rb8 {[%clk 0:41:43]} 11. Na3 {[%clk 0:33:16]} Bd7
{[%clk 0:39:59]} 12. f3 {[%clk 0:29:38]} e5 {[%clk 0:32:36]} 13. d5
{[%clk 0:27:21]} Nb4 {[%clk 0:31:03]} 14. Nc4 {[%clk 0:23:33]} Nxd3
{[%clk 0:30:16]} 15. Qxd3 {[%clk 0:24:02]} b5 {[%clk 0:29:56]} 16. Nxd6
{[%clk 0:24:09]} Qb6+ {[%clk 0:30:04]} 17. Kh1 {[%clk 0:22:08]} Qxd6
{[%clk 0:30:25]} 18. Qd2 {[%clk 0:20:33]} b4 {[%clk 0:30:37]} 0-1

[Event "PPA"]
[Site "?"]
[Date "2014.06.20"]
[Round "1.3"]
[White "Zminda, Bogdan"]
[Black "Kasianczuk, Krzysztof"]
[Result "1-0"]
[LiveChessVersion "1.4.2"]
[BlackElo "1563"]
[WhiteElo "1969"]

1. e4 {[%clk 1:00:59]} c5 {[%clk 1:00:43]} 2. Nf3 {[%clk 1:01:27]} Nc6
{[%clk 1:00:46]} 3. c3 {[%clk 1:01:42]} d5 {[%clk 1:01:01]} 4. exd5
{[%clk 1:02:08]} Qxd5 {[%clk 1:01:18]} 5. d4 {[%clk 1:02:37]} Bg4
{[%clk 0:56:06]} 6. dxc5 {[%clk 1:00:48]} Qxc5 {[%clk 0:54:41]} 7. Be3
{[%clk 1:00:59]} Qh5 {[%clk 0:53:38]} 8. Be2 {[%clk 1:01:20]} e5 {[%clk 0:52:03]}
9. Qa4 {[%clk 0:54:30]} Bd7 {[%clk 0:37:17]} 10. Ng5 {[%clk 0:50:09]} Qg6
{[%clk 0:36:49]} 11. Qc4 {[%clk 0:43:52]} f5 {[%clk 0:32:01]} 12. h4
{[%clk 0:43:46]} h5 {[%clk 0:31:06]} 13. Nd2 {[%clk 0:41:34]} Be7
{[%clk 0:26:22]} 14. O-O-O {[%clk 0:36:36]} Bxg5 {[%clk 0:21:59]} 15. Bxg5
{[%clk 0:36:35]} Nge7 {[%clk 0:21:43]} 16. Bxe7 {[%clk 0:35:32]} Nxe7
{[%clk 0:20:54]} 17. Nf3 {[%clk 0:35:43]} Nc6 {[%clk 0:19:53]} 18. Qc5
{[%clk 0:27:39]} Qf6 {[%clk 0:14:05]} 19. Rd6 Qe7 {[%clk 0:13:48]} 20. Rhd1
{[%clk 0:26:37]} Rd8 {[%clk 0:11:55]} 21. Bb5 {[%clk 0:23:18]} Rh6
{[%clk 0:10:31]} 22. Bxc6 {[%clk 0:22:05]} Rxd6 {[%clk 0:10:21]} 23. Rxd6
{[%clk 0:20:35]} Bxc6 {[%clk 0:10:04]} 24. Rxd8+ {[%clk 0:20:41]} Kxd8
{[%clk 0:09:39]} 25. Qxe5 {[%clk 0:17:49]} Qxe5 {[%clk 0:09:52]} 26. Nxe5
{[%clk 0:18:17]} Bxg2 {[%clk 0:09:52]} 27. Kd2 {[%clk 0:18:45]} Bd5
{[%clk 0:06:56]} 28. c4 {[%clk 0:18:30]} Be6 {[%clk 0:06:33]} 29. Ke3
{[%clk 0:18:14]} Ke7 {[%clk 0:06:07]} 30. b3 {[%clk 0:17:21]} Kf6
{[%clk 0:06:03]} 31. f4 {[%clk 0:17:34]} Ke7 {[%clk 0:05:03]} 32. Kd4
{[%clk 0:17:56]} Kd6 {[%clk 0:05:04]} 33. c5+ {[%clk 0:18:14]} Kc7
{[%clk 0:04:39]} 34. Nd3 {[%clk 0:17:36]} a5 {[%clk 0:04:15]} 35. Ke5
{[%clk 0:17:51]} Bd7 {[%clk 0:04:07]} 36. Kd5 {[%clk 0:17:15]} Bc6+
{[%clk 0:03:00]} 37. Ke6 {[%clk 0:16:52]} Be4 {[%clk 0:03:15]} 38. Ne5
{[%clk 0:16:57]} Bb1 {[%clk 0:03:31]} 39. a3 {[%clk 0:17:10]} Bc2
{[%clk 0:02:20]} 40. b4 {[%clk 0:17:30]} axb4 {[%clk 0:02:38]} 41. axb4
{[%clk 0:17:57]} b6 {[%clk 0:01:45]} 42. Kf7 {[%clk 0:17:56]} bxc5
{[%clk 0:01:53]} 43. bxc5 {[%clk 0:18:15]} g5 {[%clk 0:01:42]} 44. fxg5
{[%clk 0:17:42]} f4 {[%clk 0:01:59]} 45. g6 {[%clk 0:17:40]} Be4 {[%clk 0:01:18]}
46. Ke6 {[%clk 0:09:27]} Bxg6 {[%clk 0:00:58]} 47. Nxg6 {[%clk 0:09:54]} f3
{[%clk 0:01:15]} 48. Nf4 {[%clk 0:10:00]} f2 {[%clk 0:01:32]} 49. Nd5+
{[%clk 0:10:23]} Kc6 {[%clk 0:01:26]} 50. Ne3 {[%clk 0:10:44]} Kxc5
{[%clk 0:01:33]} 51. Ke5 1-0

[Event "PPA"]
[Site "?"]
[Date "2014.06.20"]
[Round "1.4"]
[White "Zydorczak, Marek"]
[Black "Somyk, Marcin"]
[Result "0-1"]
[LiveChessVersion "1.4.2"]
[BlackElo "1965"]
[WhiteElo "1558"]

1. e4 {[%clk 1:00:57]} e6 {[%clk 1:00:39]} 2. d4 {[%clk 1:01:05]} d5
{[%clk 1:00:52]} 3. exd5 {[%clk 1:00:55]} exd5 {[%clk 1:01:02]} 4. Nf3
{[%clk 1:01:09]} Nc6 {[%clk 1:01:18]} 5. Bf4 {[%clk 0:59:16]} Bd6
{[%clk 0:58:06]} 6. Bxd6 {[%clk 0:55:36]} Qxd6 {[%clk 0:58:27]} 7. Bd3
{[%clk 0:55:09]} Bg4 {[%clk 0:57:42]} 8. h3 {[%clk 0:54:56]} Bxf3
{[%clk 0:57:30]} 9. Qxf3 {[%clk 0:54:14]} Nxd4 {[%clk 0:57:09]} 10. Qg4
{[%clk 0:53:23]} Qe6+ {[%clk 0:57:11]} 11. Qxe6+ {[%clk 0:53:29]} Nxe6
{[%clk 0:57:19]} 12. Nc3 {[%clk 0:53:38]} Ne7 {[%clk 0:56:21]} 13. O-O-O
{[%clk 0:53:02]} O-O-O {[%clk 0:50:17]} 14. Rhe1 {[%clk 0:53:07]} Rhe8
{[%clk 0:47:21]} 15. Re2 {[%clk 0:52:29]} Nf4 {[%clk 0:46:36]} 16. Re3
{[%clk 0:51:15]} d4 {[%clk 0:45:23]} 17. Rf3 {[%clk 0:51:24]} Nxd3+
{[%clk 0:45:41]} 18. Rdxd3 {[%clk 0:51:05]} dxc3 {[%clk 0:46:01]} 19. Rxc3
{[%clk 0:51:19]} Nc6 {[%clk 0:45:24]} 20. Rxf7 {[%clk 0:51:17]} Re1#
{[%clk 0:45:44]} 0-1

[Event "PPA"]
[Site "?"]
[Date "2014.06.20"]
[Round "1.6"]
[White "Rossienik, Wieslaw"]
[Black "Bes, Michal"]
[Result "1/2-1/2"]
[LiveChessVersion "1.4.2"]
[BlackElo "1961"]
[WhiteElo "1498"]

1. e4 {[%clk 1:00:59]} e5 {[%clk 1:00:52]} 2. Nf3 {[%clk 1:01:25]} Nf6
{[%clk 1:01:15]} 3. Nxe5 {[%clk 1:01:49]} d6 {[%clk 1:01:40]} 4. Nf3
{[%clk 1:02:13]} Nxe4 {[%clk 1:02:04]} 5. Qe2 {[%clk 1:02:31]} Qe7
{[%clk 1:02:27]} 6. d3 {[%clk 1:02:54]} Nf6 {[%clk 1:02:52]} 7. Bg5
{[%clk 1:03:07]} Nbd7 {[%clk 1:00:32]} 8. Nc3 {[%clk 1:01:58]} Qxe2+
{[%clk 0:58:33]} 9. Bxe2 {[%clk 1:02:23]} h6 {[%clk 0:59:00]} 10. Bd2
{[%clk 0:56:42]} Be7 {[%clk 0:59:15]} 11. O-O {[%clk 0:53:50]} O-O
{[%clk 0:59:21]} 12. Rfe1 {[%clk 0:53:07]} d5 {[%clk 0:59:07]} 13. Nd4
{[%clk 0:51:08]} Nb6 {[%clk 0:55:59]} 14. Bf3 {[%clk 0:46:12]} Bd8
{[%clk 0:51:13]} 15. Re2 {[%clk 0:44:53]} c5 {[%clk 0:44:21]} 16. Nb3
{[%clk 0:40:51]} c4 {[%clk 0:43:07]} 17. dxc4 {[%clk 0:39:54]} Nxc4
{[%clk 0:40:30]} 18. Bc1 {[%clk 0:37:43]} Be6 {[%clk 0:39:04]} 19. Nd4
{[%clk 0:32:47]} Bb6 {[%clk 0:35:27]} 20. Nxe6 {[%clk 0:31:58]} fxe6
{[%clk 0:35:52]} 21. Rxe6 {[%clk 0:31:21]} Rae8 {[%clk 0:36:05]} 22. Rxe8
{[%clk 0:31:29]} Rxe8 {[%clk 0:36:16]} 23. Kf1 {[%clk 0:31:29]} Ne4
{[%clk 0:35:08]} 24. Nxe4 {[%clk 0:28:03]} dxe4 {[%clk 0:35:18]} 25. Be2
{[%clk 0:27:37]} Rc8 {[%clk 0:31:16]} 26. Bxc4+ {[%clk 0:27:30]} Rxc4
{[%clk 0:31:40]} 27. c3 {[%clk 0:27:27]} Rc6 {[%clk 0:28:19]} 28. Be3
{[%clk 0:27:36]} Bxe3 {[%clk 0:26:18]} 29. fxe3 {[%clk 0:28:02]} Kf7
{[%clk 0:26:44]} 30. Rd1 {[%clk 0:27:52]} Ke6 {[%clk 0:26:41]} 31. Rd4
{[%clk 0:26:35]} Ke5 {[%clk 0:26:19]} 32. Rd7 {[%clk 0:26:34]} Rb6
{[%clk 0:26:29]} 33. b3 {[%clk 0:26:04]} g5 {[%clk 0:23:19]} 34. c4
{[%clk 0:25:16]} Ra6 {[%clk 0:20:28]} 35. Rd2 {[%clk 0:16:36]} 1/2-1/2

[Event "PPA"]
[Site "?"]
[Date "2014.06.20"]
[Round "1.7"]
[White "Rozumek, Krzysztof"]
[Black "Bieszczad, Michal"]
[Result "0-1"]
[LiveChessVersion "1.4.2"]
[BlackElo "1477"]
[WhiteElo "1943"]

1. e4 {[%clk 1:00:55]} e5 {[%clk 1:00:57]} 2. Nf3 {[%clk 1:01:20]} Nc6
{[%clk 1:01:18]} 3. Bc4 {[%clk 1:01:48]} Bc5 {[%clk 1:00:53]} 4. O-O
{[%clk 1:02:13]} Nf6 {[%clk 1:00:47]} 5. d3 {[%clk 1:02:06]} d6 {[%clk 1:00:53]}
6. c3 {[%clk 1:02:33]} O-O 7. b4 Bb6 {[%clk 0:59:20]} 8. a4 {[%clk 1:02:50]} a6
{[%clk 0:58:12]} 9. Qb3 {[%clk 1:03:01]} h6 {[%clk 0:56:52]} 10. Bb2
{[%clk 1:02:17]} Qe7 {[%clk 0:56:34]} 11. Nbd2 {[%clk 1:00:35]} Be6
{[%clk 0:55:55]} 12. Ba3 {[%clk 0:56:24]} Qd7 {[%clk 0:55:46]} 13. b5
{[%clk 0:50:39]} Na5 {[%clk 0:55:02]} 14. Bxe6 {[%clk 0:50:50]} Nxb3
{[%clk 0:53:28]} 15. Bxd7 {[%clk 0:50:01]} Nxa1 {[%clk 0:53:35]} 16. Bh3
{[%clk 0:44:48]} axb5 {[%clk 0:50:53]} 17. Rxa1 {[%clk 0:45:16]} Rxa4
{[%clk 0:50:38]} 18. Nb3 {[%clk 0:40:00]} Rfa8 {[%clk 0:50:35]} 19. Bb2
{[%clk 0:40:07]} Rxa1+ {[%clk 0:48:11]} 20. Bxa1 {[%clk 0:40:36]} c5
{[%clk 0:45:50]} 21. Nfd2 {[%clk 0:40:33]} Ra2 {[%clk 0:44:32]} 22. c4
{[%clk 0:39:40]} Ba5 {[%clk 0:43:50]} 23. Nb1 {[%clk 0:38:46]} bxc4
{[%clk 0:42:35]} 24. dxc4 {[%clk 0:39:14]} Nxe4 {[%clk 0:40:28]} 25. f3
{[%clk 0:39:28]} Nf6 {[%clk 0:39:51]} 26. Bf5 {[%clk 0:39:16]} Bb4 27. Bd3
{[%clk 0:35:10]} Nd7 {[%clk 0:37:08]} 28. Bc3 {[%clk 0:28:57]} Bxc3
{[%clk 0:34:27]} 29. Nxc3 {[%clk 0:29:24]} Rb2 {[%clk 0:32:44]} 30. Nc1
{[%clk 0:28:13]} Kf8 {[%clk 0:30:48]} 31. N1e2 {[%clk 0:24:34]} Nb6
{[%clk 0:30:19]} 32. Kf1 {[%clk 0:17:59]} Ke7 {[%clk 0:25:19]} 33. Ke1
{[%clk 0:18:22]} Rb4 {[%clk 0:23:28]} 34. Kd1 {[%clk 0:18:30]} Ke6
{[%clk 0:23:21]} 35. Na2 {[%clk 0:18:36]} Ra4 {[%clk 0:23:09]} 36. Nec3
{[%clk 0:18:19]} Ra3 {[%clk 0:22:33]} 37. Be4 {[%clk 0:16:00]} Na4
{[%clk 0:20:36]} 38. Kc2 {[%clk 0:15:47]} Nxc3 {[%clk 0:20:05]} 39. Nxc3
{[%clk 0:16:16]} b6 {[%clk 0:19:47]} 40. g4 {[%clk 0:16:27]} g6 {[%clk 0:19:40]}
41. Kb2 {[%clk 0:15:00]} Ra5 {[%clk 0:18:03]} 42. Bb7 {[%clk 0:15:08]} Ra7
{[%clk 0:17:38]} 43. Bc6 {[%clk 0:13:41]} f5 {[%clk 0:16:35]} 44. Nd5
{[%clk 0:12:58]} fxg4 {[%clk 0:16:15]} 45. fxg4 {[%clk 0:13:27]} Rf7
{[%clk 0:15:00]} 46. Be8 {[%clk 0:12:54]} Rf2+ {[%clk 0:15:02]} 47. Kc3
{[%clk 0:12:34]} g5 {[%clk 0:14:55]} 48. Bg6 {[%clk 0:11:21]} Rf3+
{[%clk 0:13:48]} 49. Kd2 {[%clk 0:11:17]} Rf2+ {[%clk 0:13:52]} 50. Kd3
{[%clk 0:11:20]} Rxh2 {[%clk 0:13:52]} 51. Nxb6 {[%clk 0:11:35]} Rh3+
{[%clk 0:14:00]} 52. Ke4 {[%clk 0:11:16]} Rh1 {[%clk 0:13:49]} 53. Bf5+
{[%clk 0:11:42]} Ke7 {[%clk 0:13:51]} 54. Nc8+ {[%clk 0:11:38]} Kf6
{[%clk 0:13:28]} 55. Nxd6 {[%clk 0:11:51]} Rd1 {[%clk 0:12:30]} 56. Nb5
{[%clk 0:11:26]} h5 {[%clk 0:12:23]} 57. Ke3 {[%clk 0:09:41]} h4 {[%clk 0:12:26]}
58. Nc3 {[%clk 0:10:05]} Rd4 {[%clk 0:12:09]} 59. Ne4+ {[%clk 0:09:42]} Kg7
{[%clk 0:11:47]} 60. Nxg5 {[%clk 0:09:44]} Rxc4 {[%clk 0:12:05]} 61. Nf3
{[%clk 0:08:35]} Rc3+ {[%clk 0:10:53]} 62. Kf2 {[%clk 0:08:46]} Rxf3+
{[%clk 0:11:06]} 63. Kxf3 {[%clk 0:09:07]} Kf6 {[%clk 0:11:35]} 64. Kg2
{[%clk 0:08:57]} Kg5 {[%clk 0:12:04]} 65. Kh3 {[%clk 0:09:15]} c4
{[%clk 0:11:57]} 66. Bc2 {[%clk 0:08:52]} c3 {[%clk 0:12:22]} 67. Bb1
{[%clk 0:05:58]} Kf4 {[%clk 0:12:33]} 68. Kxh4 {[%clk 0:06:22]} e4
{[%clk 0:13:00]} 69. g5 {[%clk 0:06:29]} e3 {[%clk 0:12:55]} 70. Bd3
{[%clk 0:03:33]} c2 {[%clk 0:13:07]} 0-1

[Event "PPA"]
[Site "?"]
[Date "2014.06.20"]
[Round "1.8"]
[White "Drgas, Marlena"]
[Black "Glatty, Zbigniew"]
[Result "0-1"]
[LiveChessVersion "1.4.2"]
[BlackElo "1916"]
[WhiteElo "1428"]

1. d4 {[%clk 1:00:54]} d5 {[%clk 1:00:50]} 2. c4 {[%clk 1:01:22]} c6
{[%clk 1:01:10]} 3. cxd5 {[%clk 1:01:51]} cxd5 {[%clk 1:01:31]} 4. Nf3
{[%clk 1:02:12]} Nc6 {[%clk 1:01:43]} 5. Nc3 {[%clk 1:02:12]} Nf6
{[%clk 1:01:54]} 6. Bg5 {[%clk 1:02:33]} e6 {[%clk 1:01:43]} 7. e3
{[%clk 1:02:41]} Be7 {[%clk 1:01:10]} 8. Be2 {[%clk 1:02:42]} O-O
{[%clk 1:00:27]} 9. O-O {[%clk 1:03:09]} h6 {[%clk 0:59:27]} 10. Bxf6
{[%clk 1:03:16]} Bxf6 {[%clk 0:59:50]} 11. Qb3 {[%clk 1:02:55]} Na5
{[%clk 0:58:40]} 12. Qc2 {[%clk 1:02:21]} Bd7 {[%clk 0:57:49]} 13. b4
{[%clk 1:00:53]} Nc6 {[%clk 0:57:17]} 14. Qb3 {[%clk 0:59:57]} Qb6
{[%clk 0:54:47]} 15. a3 {[%clk 0:59:36]} Ne7 {[%clk 0:54:21]} 16. Na4
{[%clk 0:59:05]} Bxa4 {[%clk 0:54:41]} 17. Qxa4 {[%clk 0:59:33]} Rfc8
{[%clk 0:54:27]} 18. Rfc1 {[%clk 0:59:36]} Rc7 {[%clk 0:53:15]} 19. Rxc7
{[%clk 0:59:04]} Qxc7 {[%clk 0:53:42]} 20. Ra2 {[%clk 0:57:28]} Qc1+
{[%clk 0:44:14]} 21. Bd1 {[%clk 0:49:20]} Rc8 {[%clk 0:42:40]} 22. Ne1
{[%clk 0:44:14]} Rc3 0-1

[Event "PPA"]
[Site "?"]
[Date "2014.06.20"]
[Round "1.10"]
[White "Ulanicka, Aleksandra"]
[Black "Krupa, Jerzy"]
[Result "1/2-1/2"]
[LiveChessVersion "1.4.2"]
[BlackElo "1851"]
[WhiteElo "1409"]

1. c4 {[%clk 1:00:57]} e5 {[%clk 1:00:41]} 2. Nc3 {[%clk 1:01:16]} Nf6
{[%clk 1:00:49]} 3. d3 {[%clk 1:01:14]} d5 {[%clk 1:00:32]} 4. cxd5
{[%clk 0:59:58]} Nxd5 {[%clk 1:00:53]} 5. Nf3 {[%clk 0:59:44]} Nc6
{[%clk 1:00:48]} 6. Bd2 {[%clk 0:58:54]} Be7 {[%clk 0:59:40]} 7. g3
{[%clk 0:57:33]} Be6 {[%clk 0:59:27]} 8. Bg2 {[%clk 0:57:34]} O-O
{[%clk 0:58:32]} 9. O-O {[%clk 0:57:59]} h6 {[%clk 0:52:34]} 10. Nxd5
{[%clk 0:57:50]} Bxd5 {[%clk 0:52:44]} 11. Bc3 {[%clk 0:57:46]} Bf6
{[%clk 0:49:55]} 12. e3 {[%clk 0:47:49]} Re8 {[%clk 0:49:52]} 13. Qc2
{[%clk 0:45:40]} Qd7 {[%clk 0:46:44]} 14. a3 {[%clk 0:45:16]} Rad8
{[%clk 0:46:43]} 15. b4 {[%clk 0:44:05]} Bxf3 {[%clk 0:45:52]} 16. Bxf3
{[%clk 0:44:04]} Qxd3 {[%clk 0:46:19]} 17. Qxd3 {[%clk 0:44:04]} Rxd3
{[%clk 0:46:45]} 18. Bxc6 {[%clk 0:44:08]} bxc6 {[%clk 0:45:44]} 19. Rac1
{[%clk 0:44:12]} Red8 {[%clk 0:45:26]} 20. a4 {[%clk 0:43:32]} R8d6
{[%clk 0:42:46]} 21. Ba1 {[%clk 0:40:11]} Ra3 {[%clk 0:39:57]} 22. a5
{[%clk 0:39:54]} Rb3 {[%clk 0:38:08]} 23. Rc4 {[%clk 0:39:57]} Kf8
{[%clk 0:37:18]} 24. Kg2 {[%clk 0:39:23]} Ke8 {[%clk 0:37:37]} 25. Re4
{[%clk 0:37:12]} Kd7 {[%clk 0:34:43]} 26. Rc1 {[%clk 0:36:57]} Rd5
{[%clk 0:31:37]} 27. Rec4 {[%clk 0:35:54]} Be7 {[%clk 0:27:29]} 28. Rxc6
{[%clk 0:34:09]} Bd6 {[%clk 0:27:47]} 29. e4 {[%clk 0:32:14]} Rb5
{[%clk 0:26:07]} 30. f4 {[%clk 0:30:38]} f6 {[%clk 0:25:58]} 31. fxe5
{[%clk 0:30:04]} fxe5 {[%clk 0:26:19]} 32. R6c4 {[%clk 0:28:22]} R3xb4
{[%clk 0:26:18]} 33. Rxb4 {[%clk 0:28:19]} Rxb4 {[%clk 0:26:35]} 34. Rd1
{[%clk 0:27:56]} Kc6 {[%clk 0:25:25]} 35. Kf3 {[%clk 0:28:09]} Ra4
{[%clk 0:25:23]} 36. Rc1+ {[%clk 0:27:58]} Kb5 {[%clk 0:25:28]} 37. Bc3
{[%clk 0:28:12]} Ra3 {[%clk 0:24:28]} 38. Kg4 {[%clk 0:28:21]} Ra2
{[%clk 0:21:28]} 39. h4 {[%clk 0:27:41]} g6 {[%clk 0:20:42]} 40. h5
{[%clk 0:25:57]} gxh5+ {[%clk 0:18:26]} 41. Kxh5 {[%clk 0:26:16]} Rh2+
{[%clk 0:18:51]} 42. Kg4 {[%clk 0:26:06]} Ka4 {[%clk 0:16:10]} 43. Kf5
{[%clk 0:25:24]} Kb3 {[%clk 0:16:10]} 44. g4 {[%clk 0:25:27]} Rf2+
{[%clk 0:15:33]} 45. Ke6 {[%clk 0:25:35]} Re2 {[%clk 0:15:12]} 46. Kd5
{[%clk 0:25:08]} Ba3 {[%clk 0:14:47]} 47. Ra1 {[%clk 0:24:34]} Kxc3
{[%clk 0:12:19]} 48. Rxa3+ {[%clk 0:24:58]} Kb4 {[%clk 0:12:42]} 49. Rh3
{[%clk 0:22:33]} c5 {[%clk 0:12:01]} 50. Rxh6 {[%clk 0:22:11]} c4
{[%clk 0:12:30]} 51. Rc6 {[%clk 0:22:25]} c3 {[%clk 0:12:14]} 52. g5
{[%clk 0:22:25]} Rg2 {[%clk 0:10:49]} 53. g6 {[%clk 0:22:38]} Rg5
{[%clk 0:10:46]} 54. g7 {[%clk 0:19:16]} Rxg7 {[%clk 0:10:38]} 55. Kxe5
{[%clk 0:19:46]} Rg5+ {[%clk 0:10:34]} 56. Kd4 {[%clk 0:19:47]} Rg3
{[%clk 0:08:44]} 57. e5 {[%clk 0:20:16]} Kb3 {[%clk 0:08:34]} 58. e6
{[%clk 0:20:46]} Rg4+ {[%clk 0:08:20]} 59. Kd3 {[%clk 0:20:42]} Rg3+
{[%clk 0:08:22]} 60. Kd4 {[%clk 0:21:10]} c2 {[%clk 0:06:46]} 61. e7
{[%clk 0:21:28]} Rg8 {[%clk 0:06:11]} 62. Kd3 {[%clk 0:21:05]} Rg3+
{[%clk 0:05:50]} 63. Kd2 {[%clk 0:21:07]} Rg2+ {[%clk 0:06:11]} 64. Kd3
{[%clk 0:21:26]} Rg3+ {[%clk 0:06:31]} 65. Kd2 {[%clk 0:21:50]} Rg4 1/2-1/2

[Event "PPA"]
[Site "?"]
[Date "2014.06.21"]
[Round "2.1"]
[White "Ostrowska, Dominika"]
[Black "Dobosz, Kamil"]
[Result "0-1"]
[LiveChessVersion "1.4.2"]
[BlackElo "1807"]
[WhiteElo "1980"]

1. e4 {[%clk 1:00:58]} c6 {[%clk 1:00:51]} 2. d4 {[%clk 1:01:19]} d5
{[%clk 1:01:16]} 3. Nc3 {[%clk 1:01:44]} dxe4 {[%clk 1:00:46]} 4. Nxe4
{[%clk 1:02:12]} e6 {[%clk 1:00:59]} 5. Nf3 {[%clk 1:01:36]} Bb4+
{[%clk 0:59:46]} 6. c3 {[%clk 0:56:01]} Qd5 {[%clk 0:58:18]} 7. Bd3
{[%clk 0:55:28]} Be7 {[%clk 0:55:31]} 8. O-O {[%clk 0:54:12]} b6 {[%clk 0:52:07]}
9. c4 {[%clk 0:52:17]} Qd8 {[%clk 0:51:50]} 10. Re1 {[%clk 0:47:56]} Nd7
{[%clk 0:47:31]} 11. d5 {[%clk 0:46:25]} cxd5 {[%clk 0:45:08]} 12. cxd5
{[%clk 0:46:50]} exd5 {[%clk 0:41:25]} 13. Nd6+ {[%clk 0:46:42]} Kf8
{[%clk 0:41:36]} 14. Nf5 {[%clk 0:44:00]} Bb4 {[%clk 0:38:41]} 15. Bf4
{[%clk 0:26:34]} Qf6 {[%clk 0:35:03]} 16. Qe2 {[%clk 0:23:21]} Ba6
{[%clk 0:30:35]} 17. Bg5 {[%clk 0:19:03]} Qxf5 {[%clk 0:25:54]} 18. Bxa6
{[%clk 0:17:21]} Bxe1 {[%clk 0:25:25]} 19. Rxe1 {[%clk 0:17:39]} Ndf6
{[%clk 0:23:05]} 20. Qd2 {[%clk 0:14:05]} Ne4 {[%clk 0:19:17]} 21. Qb4+
{[%clk 0:14:28]} Nc5 {[%clk 0:19:28]} 22. Be3 {[%clk 0:12:42]} Nf6
{[%clk 0:16:13]} 23. Bxc5+ {[%clk 0:12:21]} bxc5 {[%clk 0:16:31]} 24. Qxc5+
{[%clk 0:12:43]} Kg8 {[%clk 0:16:51]} 25. h3 {[%clk 0:10:44]} g6 {[%clk 0:15:37]}
26. Re5 {[%clk 0:08:29]} Qb1+ {[%clk 0:14:51]} 27. Kh2 {[%clk 0:08:48]} Nd7
{[%clk 0:13:50]} 28. Qxd5 {[%clk 0:07:14]} Nxe5 {[%clk 0:11:55]} 29. Qxa8+
{[%clk 0:05:06]} Kg7 {[%clk 0:12:00]} 30. Qd5 {[%clk 0:05:21]} Nxf3+
{[%clk 0:11:42]} 31. Qxf3 {[%clk 0:05:49]} Qxb2 {[%clk 0:11:43]} 32. Bc4
{[%clk 0:06:09]} Qe5+ {[%clk 0:10:05]} 33. Kg1 {[%clk 0:06:15]} Qc7
{[%clk 0:08:49]} 34. Bb3 {[%clk 0:03:55]} Re8 {[%clk 0:07:52]} 35. g3
{[%clk 0:03:21]} Re5 {[%clk 0:06:37]} 36. Kg2 {[%clk 0:01:03]} Rf5
{[%clk 0:06:52]} 37. Qe2 {[%clk 0:00:39]} a5 {[%clk 0:06:24]} 38. Qb2+
{[%clk 0:00:40]} f6 {[%clk 0:06:25]} 39. Qd2 {[%clk 0:00:37]} Qc6+
{[%clk 0:06:26]} 40. Kg1 {[%clk 0:00:34]} a4 {[%clk 0:06:25]} 41. Bd1 0-1

[Event "PPA"]
[Site "?"]
[Date "2014.06.21"]
[Round "2.2"]
[White "Sitek, Pawel"]
[Black "Zminda, Bogdan"]
[Result "0-1"]
[LiveChessVersion "1.4.2"]
[BlackElo "1969"]
[WhiteElo "1755"]

1. b3 {[%clk 1:00:57]} e5 {[%clk 1:00:33]} 2. Bb2 {[%clk 1:01:22]} Nc6
{[%clk 1:00:49]} 3. g3 {[%clk 1:01:41]} d5 {[%clk 0:59:53]} 4. d3
{[%clk 1:01:14]} Bg4 {[%clk 0:57:54]} 5. Bg2 {[%clk 0:59:43]} Qd7
{[%clk 0:53:24]} 6. Nf3 {[%clk 0:56:05]} f6 {[%clk 0:52:23]} 7. h3
{[%clk 0:54:13]} Be6 {[%clk 0:52:18]} 8. Nbd2 {[%clk 0:53:11]} O-O-O
{[%clk 0:52:05]} 9. e3 {[%clk 0:51:40]} d4 {[%clk 0:49:26]} 10. Qe2
{[%clk 0:49:44]} dxe3 {[%clk 0:42:34]} 11. fxe3 {[%clk 0:49:20]} Nh6
{[%clk 0:38:10]} 12. g4 {[%clk 0:45:02]} Nf7 {[%clk 0:37:50]} 13. O-O-O
{[%clk 0:45:15]} h5 {[%clk 0:33:32]} 14. gxh5 {[%clk 0:42:02]} Nd6
{[%clk 0:29:35]} 15. Nh4 {[%clk 0:37:50]} Nf5 {[%clk 0:28:20]} 16. Nxf5
{[%clk 0:33:05]} Bxf5 {[%clk 0:28:45]} 17. Rdf1 {[%clk 0:32:31]} Be6
{[%clk 0:24:51]} 18. Bf3 {[%clk 0:27:38]} Nb4 {[%clk 0:23:08]} 19. a3
{[%clk 0:27:25]} Nd5 {[%clk 0:22:16]} 20. Ne4 {[%clk 0:26:07]} Kb8
{[%clk 0:21:35]} 21. h4 {[%clk 0:25:49]} a5 {[%clk 0:14:28]} 22. d4
{[%clk 0:22:58]} exd4 {[%clk 0:14:20]} 23. exd4 {[%clk 0:22:50]} a4
{[%clk 0:14:26]} 24. Nc5 {[%clk 0:21:34]} Bxc5 {[%clk 0:14:35]} 25. dxc5
{[%clk 0:21:57]} axb3 {[%clk 0:14:32]} 26. cxb3 {[%clk 0:21:13]} Nf4
{[%clk 0:14:28]} 27. Qe4 {[%clk 0:20:01]} Nd3+ {[%clk 0:12:36]} 28. Kb1
{[%clk 0:19:01]} Nxc5 {[%clk 0:11:18]} 29. Qb4 {[%clk 0:18:33]} Qd3+
{[%clk 0:11:32]} 30. Ka1 {[%clk 0:17:15]} Nxb3+ {[%clk 0:11:51]} 31. Ka2
{[%clk 0:17:32]} Nd4+ {[%clk 0:12:05]} 0-1